El sistema penal ante las exigencias del presente

সংরক্ষণ করুন:
গ্রন্থ-পঞ্জীর বিবরন
প্রধান লেখক: García Vitor, Enrique (Author)
বিন্যাস: গ্রন্থ
ভাষা:স্প্যানিশ
প্রকাশিত: Santa Fe Rubinzal-Culzoni 2004
সংস্করন:1a. ed
বিষয়গুলি:
ট্যাগগুলো: ট্যাগ যুক্ত করুন
কোনো ট্যাগ নেই, প্রথমজন হিসাবে ট্যাগ করুন!

MARC

LEADER 00000nam a2200000 a 4500
001 UCK8892
003 CL-VaPUC
005 20210527001532.0
008 060407e20040000ag 1 spa d
020 |a 9507275819 
082 0 4 |a 345  |b GAR  |2 21 
100 1 |a García Vitor, Enrique  |e author  |9 620851 
245 1 3 |a El sistema penal ante las exigencias del presente 
250 |a 1a. ed 
260 |a Santa Fe  |b Rubinzal-Culzoni  |c 2004 
300 |a 372 p 
583 |a last modification  |c 20190826 10:10:52  |k Rodrigo Vera 
650 0 7 |a DERECHO PENAL  |2 CL-VaPUC  |9 11 
650 0 0 |a Derecho procesal penal   |9 256392 
650 0 7 |a POLITICA CRIMINAL  |2 CL-VaPUC  |9 372625 
942 |c BK 
945 |a jtorresc  |d 20060407 00:00:00 
546 |a En Español 
536 |a Facultad de Ciencias Jurídicas y Sociales, Universidad Nacional del Litoral 
518 |p Encuentro Argentino de Profesores de Derecho Penal, 1, Santa Fe, 27-29 de Septiembre de 2001 
999 |c 384181  |d 384179 
952 |0 0  |1 0  |4 0  |6 345_000000000000000_GAR_2004  |7 0  |8 A  |9 506780  |a BIBDER  |b BIBDER  |d 2020-01-23  |i 4216369  |o 345 GAR 2004  |p 4216369  |r 2023-01-25  |w 2020-01-23  |y BK  |k DER